| 000 | 00486nam a2200169Ia 4500 | ||
|---|---|---|---|
| 001 | 19040 | ||
| 003 | GE_BSU | ||
| 008 | 181216s||||||||xx |||||||||||||| ||und|| | ||
| 040 | _cGE_BSU | ||
| 245 | _aПедагогика № 7. 2016. | ||
| 245 | _cГл. ред. Р.С.Бозиев | ||
| 260 | _bпедагогика | ||
| 653 | _aНаучн-технич. журнал РА образования | ||
| 653 | _aПедагогика | ||
| 653 | _aპერიოდიკა | ||
| 942 | _cCR | ||
| 999 |
_c52036 _d52036 |
||